Forma de gobierno y legitimidad familiar
Na minha lista:
| Autor principal: | |
|---|---|
| Formato: | Livro |
| Publicado em: |
Madrid, España:
Ateneo,
1960.
|
| Colecção: | Colección O.Crece.O. Muere.
|
| Assuntos: | |
| Tags: |
Adicionar Tag
Sem tags, seja o primeiro a adicionar uma tag!
|
MARC
| LEADER | 00000nam a2200000 a 4500 | ||
|---|---|---|---|
| 001 | UCY7393 | ||
| 003 | CL-VaPUC | ||
| 005 | 20221114163159.0 | ||
| 008 | 220701t1960 ||||| |||| 00| 0 eng d | ||
| 999 | |c 436593 |d 436591 | ||
| 040 | |c Pontificia Universidad Católica de Valparaíso | ||
| 082 | 7 | |a 320.3 ORS 1960 |2 22 | |
| 100 | |a Ors, Álvaro d' |e autor |9 878430 | ||
| 245 | |a Forma de gobierno y legitimidad familiar | ||
| 260 | |a Madrid, España: |b Ateneo, |c 1960. | ||
| 300 | |a 40 páginas. | ||
| 490 | |a Colección O.Crece.O. Muere. | ||
| 500 | |a c.1 Donación Familia Prof. Alejandro Guzmán Brito. | ||
| 583 | |a last modification |c 19950614 00:00:00 |k Cristina María Rojas Aguilar | ||
| 650 | |a Formas de gobierno |x Ensayos |9 872054 | ||
| 650 | |a Ciencias políticas |x Ensayos |9 872055 | ||
| 942 | |c BK |2 ddc |n 0 | ||
| 952 | |0 0 |1 0 |2 ddc |4 0 |6 320_300000000000000_ORS_1960 |7 0 |8 C_AGB |9 584267 |a BIBDER |b BIBDER |d 2022-07-01 |e Donación |i 5652403 |o 320.3 ORS 1960 |p 5652403 |r 2023-01-25 |t 1 |w 2022-07-01 |y BK_US |k AGB | ||